000 01020nam a22003257a 4500
003 CHAP
005 20220329135457.0
008 971013s1980 r 00010 d
010 _a37188
011 _a38160
035 _a42280
040 _cCHAP
082 _a581.1
_bO85
100 0 0 _aOsmond, C. B.
_984197
245 _aPhysiological processes in plant ecology ; toward a synthesis with atriplex
260 _aNew York :
_bSpringer-Verlag,
_c1980
300 _a468 p.
_b; gráfs.
490 _aEcological studies
_v; 36
590 _aBATCH-UPD
_b10
_c20130110
_lUCH01
_h1647
590 _aBATCH-UPD
_b10
_c20130410
_lUCH01
_h1037
590 _aBATCH-UPD
_b10
_c20130914
_lUCH01
_h0513
590 _aCONVERSION
_b10
_c20130109
_lUCH01
_h1321
650 1 4 _aAtriplex.
_98272
650 1 4 _aEcología vegetal.
_935188
650 1 4 _aFisiología vegetal.
_941136
830 0 _aEcological studies
_v; 36
_935133
901 _aBK
942 _cLIBRO
949 _a581.1 O85
_bBC
_cLIBRO
_d33724000520458
_eLIBRO
_h53672
_i42280
_si
999 _c37188
_d37188